Lycopodiaceae to platanaceae
Αποθηκεύτηκε σε:
| Άλλοι συγγραφείς: | |
|---|---|
| Μορφή: | Βιβλίο |
| Γλώσσα: | English |
| Δημοσίευση: |
Cambridge :
Cambridge University Press,
1964
|
| Θέματα: | |
| Ετικέτες: |
Προσθήκη ετικέτας
Δεν υπάρχουν, Καταχωρήστε ετικέτα πρώτοι!
|
MARC
| LEADER | 00000nam a2200000 i 4500 | ||
|---|---|---|---|
| 001 | 1/14365 | ||
| 008 | 980508s1964 eng d | ||
| 035 | |1 ΠΑΡ |a 1997 |l 10019393 | ||
| 040 | |a GR-MY-UA |b gre |e aacr | ||
| 041 | 0 | |a eng | |
| 082 | 0 | |a REF 581.94 | |
| 245 | 1 | 0 | |a Lycopodiaceae to platanaceae / |c Edited by T. G. Tutin...[et. al.] ; With the assistance of P. W. Ball; A. O. Chater |
| 260 | |a Cambridge : |b Cambridge University Press, |c 1964 | ||
| 300 | |a 464 p. |b maps | ||
| 504 | |a Includes index | ||
| 650 | 0 | 0 | |a Botany |z Europe. |
| 650 | 0 | 0 | |a Botany |z Europe |x Classification. |
| 700 | 1 | |a Tutin, Thomas Gaskell |d 1908- |4 edt | |
| 774 | 1 | |t Flora europaea | |
| 852 | |a INST |b LESVOS |e 19980508 |h 581.94 FLO |p 005100019180 |q 005100019180 |t REF |y 23 |z v.1 | ||
| 852 | |a INST |b LESVOS |e 19980508 |h 581.94 FLO |p 005100019180 |q 005100019180 |t REF |v v.1: |y 23 |z v.1 | ||
| 853 | |a INST |b LESVOS |h 581.94 FLO | ||
| 909 | |a Λ |b 018834 | ||